[Event "Tournoi Skype 028B"]
[Site "Skype"]
[Date "????.??.??"]
[Round "4.12"]
[White "Morales Rubiella, Albert"]
[Black "Jimenez Cabrera, Rodolfo"]
[Result "1-0"]
[WhiteElo "1419"]
[BlackElo "1175"]
[PlyCount "49"]

1. d4 d6 2. e4 Nf6 3. Bd3 Nbd7 4. Nf3 b6 5. h3 Bb7 6. Nc3 h6 7. Be3 e5 8. dxe5
dxe5 9. Bb5 Bd6 10. Qd3 O-O 11. O-O-O a6 12. Bxd7 Qxd7 13. Nxe5 Qe6 14. f4 a5
15. Rhe1 Ba6 16. Qd2 Bxe5 17. fxe5 Rad8 18. Qxd8 Rxd8 19. Rxd8+ Kh7 20. exf6
Qxf6 21. Rd7 b5 22. Rxc7 Qh4 23. Rf1 f6 24. Nd5 Qxe4 25. Nxf6+ 1-0

[Event "Tournoi Skype 028B"]
[Site "Skype"]
[Date "????.??.??"]
[Round "4.13"]
[White "Florez Beltran, Leidy Lucila"]
[Black "Castillo, David"]
[Result "0-1"]
[WhiteElo "1176"]
[BlackElo "1381"]
[PlyCount "100"]

1. e4 g6 2. Nf3 Bg7 3. d4 d6 4. Bf4 Nd7 5. c3 c6 6. Bc4 e6 7. O-O Nb6 8. Bb3 a5
9. a3 Nf6 10. e5 Nh5 11. Bg5 f6 12. exf6 Nxf6 13. Nbd2 d5 14. Re1 O-O 15. Ne5
Qe8 16. Bc2 Nbd7 17. Ndf3 Kh8 18. Qd2 Ng8 19. Rad1 Nxe5 20. Nxe5 Bxe5 21. dxe5
Qf7 22. f3 b5 23. h4 Qg7 24. g4 h6 25. Bf4 Bd7 26. Kg2 Rfd8 27. Rh1 Be8 28. Kf2
c5 29. Qc1 Rdb8 30. b4 c4 31. g5 h5 32. Kg2 Ra6 33. Qd2 axb4 34. axb4 Ra2 35.
Ra1 Rba8 36. Rxa2 Rxa2 37. Rb1 Qa7 38. Be3 Qa8 39. Qc1 Ne7 40. Kg3 Qa3 41. Qxa3
Rxa3 42. Bd4 Nc8 43. f4 Ra2 44. Bd1 Ne7 45. Kh3 Nc6 46. Rc1 Nxd4 47. cxd4 Rd2
48. Kg3 Rxd4 49. Kf3 Rd3+ 50. Ke2 Rh3 0-1

[Event "Tournoi Skype 028B"]
[Site "Skype"]
[Date "????.??.??"]
[Round "4.14"]
[White "Duthoit, Bernard"]
[Black "Cengiz, Ali Ekber"]
[Result "1-0"]
[WhiteElo "1379"]
[BlackElo "1098"]
[PlyCount "51"]

1. e4 e5 2. Nf3 d6 3. Bc4 h6 4. d4 Nd7 5. dxe5 dxe5 6. Nc3 Bb4 7. Bd2 Ngf6 8.
O-O O-O 9. Re1 Nb6 10. Bb5 c6 11. Ba4 Qc7 12. Bb3 Bc5 13. h3 Nbd7 14. Be3 Be7
15. Qd2 Bb4 16. Bxh6 Nxe4 17. Rxe4 Be7 18. Bxg7 Kxg7 19. Nh4 f5 20. Nxf5+ Kf6
21. Nxe7 Kxe7 22. Qg5+ Ke8 23. Qg6+ Ke7 24. Rd1 Nf6 25. Qg7+ Ke8 26. Qxc7 1-0

[Event "Tournoi Skype 028B"]
[Site "Skype"]
[Date "????.??.??"]
[Round "4.15"]
[White "Vincent, Andre"]
[Black "Barba Cepeda, Julio Cesar"]
[Result "0-1"]
[WhiteElo "1377"]
[BlackElo "1087"]
[PlyCount "110"]

1. d4 d6 2. Nf3 Nf6 3. Bf4 Nc6 4. c3 Bg4 5. Nbd2 e6 6. h3 Bf5 7. e3 Be7 8. Be2
O-O 9. g4 Bg6 10. Nh4 d5 11. Nxg6 fxg6 12. Bd3 Bd6 13. Bxd6 Qxd6 14. Qe2 e5 15.
O-O-O e4 16. Bc2 a6 17. Nf1 b5 18. Ng3 b4 19. c4 dxc4 20. Qxc4+ Kh8 21. Bxe4
Na5 22. Qc2 Nxe4 23. Nxe4 Qc6 24. Qxc6 Nxc6 25. f4 Rfe8 26. d5 Rxe4 27. dxc6
Rxe3 28. Kd2 Re4 29. b3 Rxf4 30. Kc1 Rf6 31. Rd7 Rxc6+ 32. Kb2 Kg8 33. Rhd1 Kf8
34. Rd8+ Rxd8 35. Rxd8+ Kf7 36. Rd7+ Kf6 37. Rd5 Rd6 38. g5+ Ke6 39. Rc5 Rd5
40. Rxc7 Rxg5 41. Rc6+ Kf5 42. Rxa6 Rg2+ 43. Kb1 g5 44. Ra4 Rh2 45. Rxb4 Rxh3
46. Rb5+ Kg6 47. a4 g4 48. a5 g3 49. Rb6+ Kg5 50. a6 g2 51. Rb4 Kh6 52. Rb6+ g6
53. Rc6 Rh1+ 54. Kb2 g1=Q 55. a7 Qxa7 0-1

[Event "Tournoi Skype 028B"]
[Site "Skype"]
[Date "????.??.??"]
[Round "4.16"]
[White "Figueiredo, Oneide De Souza"]
[Black "Abdulrazzaq, Mohsen"]
[Result "1-0"]
[WhiteElo "1372"]
[BlackElo "1080"]
[PlyCount "99"]

1. e4 c5 2. Nf3 d6 3. Bc4 Nf6 4. Nc3 Nc6 5. d3 e6 6. Bg5 Be7 7. O-O O-O 8. h3
d5 9. exd5 exd5 10. Bxf6 dxc4 11. Bxe7 Qxe7 12. Nd5 Qg5 13. dxc4 Qd8 14. Re1
Be6 15. b3 Re8 16. Nf4 Qf6 17. Qd6 Rad8 18. Qxc5 Qxf4 19. Ne5 Nxe5 20. Qxe5
Qxe5 21. Rxe5 Rd2 22. Rc1 Bd7 23. Rd5 Rxd5 24. cxd5 Bf5 25. c4 Re2 26. d6 Rxa2
27. Rd1 Rb2 28. d7 Bxd7 29. Rxd7 g6 30. Rxb7 Kg7 31. c5 a5 32. Rb6 Rc2 33. Rb5
Rc3 34. f3 h5 35. h4 Kf6 36. Rb6+ Ke5 37. c6 Kd6 38. Ra6 Rxb3 39. Rxa5 Kxc6 40.
Ra7 f5 41. Rg7 Kd5 42. Rxg6 Ke5 43. Rg5 Kf4 44. Kh2 Rb5 45. Rxh5 Ke3 46. Rg5
Kf2 47. h5 Kf1 48. h6 Kf2 49. h7 Rb1 50. h8=Q 1-0

[Event "Tournoi Skype 028B"]
[Site "Skype"]
[Date "????.??.??"]
[Round "4.17"]
[White "Lopes, Marcia Maria"]
[Black "Barrionuevo, Hilario"]
[Result "1-0"]
[WhiteElo "1363"]
[BlackElo "1058"]
[PlyCount "87"]

1. d4 d5 2. Nf3 Nc6 3. Bf4 a6 4. e3 Bg4 5. Nbd2 h6 6. h3 Bh5 7. Bd3 Nf6 8. c3
e6 9. Bh2 Bd6 10. Bxd6 Qxd6 11. Qb3 O-O 12. O-O Rae8 13. Rfe1 Bg6 14. Bxg6 fxg6
15. Qc2 g5 16. e4 g4 17. e5 Qe7 18. hxg4 Nxg4 19. Qg6 Rf5 20. Qxg4 h5 21. Qh4
Qf7 22. Rf1 Ne7 23. Ng5 Qf8 24. Qxh5 Rxg5 25. Qxg5 Nf5 26. Nf3 Qf7 27. Nh4 g6
28. Qxg6+ Qxg6 29. Nxg6 Kg7 30. Nf4 Rh8 31. Rad1 Rh4 32. Nxe6+ Kf7 33. Ng5+ Kg6
34. Nf3 Rf4 35. Rfe1 Kf7 36. e6+ Ke7 37. Ng5 a5 38. Rd3 a4 39. a3 b5 40. Rh3
Ng7 41. Rh7 Kf8 42. e7+ Ke8 43. Rxg7 Rg4 44. Rg8+ 1-0

[Event "Tournoi Skype 028B"]
[Site "Skype"]
[Date "????.??.??"]
[Round "4.18"]
[White "Maalik, Aakash"]
[Black "Raudales, Victor"]
[Result "1-0"]
[WhiteElo "1178"]
[BlackElo "1340"]
[PlyCount "21"]

1. d4 d5 2. Bf4 Nc6 3. e3 a6 4. Bd3 f6 5. Qh5+ g6 6. Bxg6+ Kd7 7. Bd3 Bg7 8.
Nd2 e5 9. dxe5 fxe5 10. Qg4+ Ke7 11. Qxg7+ 1-0

[Event "Tournoi Skype 028B"]
[Site "Skype"]
[Date "????.??.??"]
[Round "4.19"]
[White "Frances, Carlos Alberto"]
[Black "Hernandez, Enrique"]
[Result "1-0"]
[WhiteElo "1324"]
[BlackElo "1009"]
[PlyCount "131"]

1. c4 g6 2. Nc3 Bg7 3. d4 Nf6 4. Nf3 O-O 5. e4 d6 6. Bd3 Bg4 7. O-O Nfd7 8. Be2
Re8 9. h3 Bxf3 10. Bxf3 c5 11. d5 Nb6 12. Qd3 N8d7 13. Bf4 Ne5 14. Bxe5 Bxe5
15. Rae1 e6 16. b3 Qe7 17. Re2 Bg7 18. Rfe1 a6 19. Nd1 Nd7 20. g3 Ne5 21. Qc3
b5 22. Bg2 Nxc4 23. Qf3 Ne5 24. Qc3 Nc6 25. Qd3 Nd4 26. Rd2 exd5 27. Nc3 dxe4
28. Rxe4 Qd7 29. Nd5 Rxe4 30. Qxe4 Re8 31. Qd3 Re1+ 32. Kh2 Qf5 33. Qxf5 Nxf5
34. Nf4 c4 35. bxc4 bxc4 36. Bd5 Nd4 37. Ng2 Re2 38. Rxe2 Nxe2 39. Bxc4 a5 40.
Bxe2 Be5 41. Ne3 h5 42. Kg2 Kg7 43. Kf3 f6 44. Ke4 Kf7 45. Kd5 Ke7 46. Nc4 a4
47. a3 f5 48. Nxe5 dxe5 49. Kxe5 Kf7 50. Kd5 Kg7 51. h4 Kh6 52. Kc5 g5 53. Kb4
Kg6 54. Kxa4 f4 55. Kb5 g4 56. a4 Kf5 57. a5 Ke5 58. a6 Ke4 59. a7 fxg3 60.
fxg3 Ke3 61. Bc4 Kf3 62. a8=Q+ Kxg3 63. Bf1 Kxh4 64. Qa4 Kg5 65. Qe4 g3 66. Bh3
1-0

[Event "Tournoi Skype 028B"]
[Site "Skype"]
[Date "????.??.??"]
[Round "4.20"]
[White "Linares Vernet, Ana"]
[Black "Sanchez Padilla, Armando Edilber"]
[Result "1-0"]
[WhiteElo "1175"]
[BlackElo "1323"]
[PlyCount "93"]

1. d4 d5 2. Bf4 Bf5 3. Nf3 e6 4. Nbd2 Nc6 5. c3 h6 6. Ne5 Nge7 7. Nxc6 Nxc6 8.
Nf3 g5 9. Be5 f6 10. Bg3 h5 11. h3 h4 12. Bh2 g4 13. hxg4 Bxg4 14. Ng1 Qe7 15.
Qd2 O-O-O 16. e3 Bf5 17. Bd3 Qg7 18. g3 Qg4 19. Be2 Qg6 20. Nf3 hxg3 21. fxg3
Be4 22. O-O-O Bd6 23. Bd3 Bxd3 24. Qxd3 Qxd3 25. Rxd3 Bxg3 26. Rd2 Ne7 27. Rg1
Nf5 28. Bxg3 Nxg3 29. Rxg3 Rh5 30. Rh2 Rdh8 31. Rxh5 Rxh5 32. Rg8+ Kd7 33. Rg7+
Kc6 34. Kc2 Rh3 35. Nd2 Rxe3 36. Rf7 f5 37. Nf1 Re2+ 38. Kb3 Rf2 39. Ng3 a5 40.
a4 Rf3 41. Nh5 Kb6 42. Ng7 c6 43. Nxe6 Ka6 44. Nc5+ Ka7 45. Nxb7 Kb6 46. Nc5
Rf1 47. Rb7# 1-0

[Event "Tournoi Skype 028B"]
[Site "Skype"]
[Date "????.??.??"]
[Round "4.21"]
[White "Mhabdi, Mahesh"]
[Black "Campos Silva, Lucas"]
[Result "1-0"]
[WhiteElo "1312"]
[BlackElo "1000"]
[PlyCount "53"]

1. d4 d5 2. c4 e6 3. Nc3 c6 4. Nf3 Bb4 5. Bd2 Nf6 6. a3 Bd6 7. c5 Bc7 8. g3 b6
9. b4 O-O 10. Bg5 h6 11. Bxf6 Qxf6 12. Bg2 Re8 13. O-O b5 14. Re1 e5 15. dxe5
Bxe5 16. Nxe5 Rxe5 17. e4 Re7 18. exd5 Re5 19. dxc6 Nxc6 20. Bxc6 Rb8 21. Rxe5
Bh3 22. Qe1 Be6 23. Rd1 a6 24. Bd7 Rd8 25. Bxe6 Rxd1 26. Nxd1 fxe6 27. Rxe6 1-0

[Event "Tournoi Skype 028B"]
[Site "Skype"]
[Date "????.??.??"]
[Round "4.22"]
[White "De Coninck, Philippe"]
[Black "Hargez, Dany"]
[Result "1-0"]
[WhiteElo "1173"]
[BlackElo "1296"]
[PlyCount "67"]

1. e4 e5 2. f4 d6 3. Nf3 Bg4 4. Be2 exf4 5. O-O Nf6 6. Nc3 d5 7. exd5 Bc5+ 8.
d4 Be7 9. Bxf4 Nh5 10. Ne5 Bxe2 11. Qxe2 Nxf4 12. Rxf4 O-O 13. Raf1 Bf6 14. Ng4
Nd7 15. Nxf6+ Nxf6 16. Qf3 a5 17. Rf5 Ra6 18. Na4 g6 19. Nc5 gxf5 20. Nxa6 bxa6
21. Qxf5 Ne8 22. Rf3 Ng7 23. Rg3 Kh8 24. Qg4 Rg8 25. Rh3 Qxd5 26. Qh4 Qf5 27.
Rf3 Qxc2 28. Rxf7 Qb1+ 29. Kf2 Qxb2+ 30. Kg3 Qc3+ 31. Kf2 Qc2+ 32. Kf3 Qg6 33.
Qf4 Qg5 34. Qxg5 1-0

[Event "Tournoi Skype 028B"]
[Site "Skype"]
[Date "????.??.??"]
[Round "4.23"]
[White "Yepes Bermudez, Maribel"]
[Black "Garganese, Paolo"]
[Result "0-1"]
[WhiteElo "1287"]
[BlackElo "1000"]
[PlyCount "84"]

1. e4 c5 2. c3 d6 3. d4 Nd7 4. Nf3 Ngf6 5. Bd3 e6 6. O-O Be7 7. Re1 O-O 8. Nbd2
a6 9. Bc2 b5 10. e5 dxe5 11. dxe5 Nd5 12. Nf1 Bb7 13. Ng3 Nc7 14. Qd3 g6 15.
Nh5 Re8 16. Bh6 f5 17. Nf4 Be4 18. Qe2 Bxc2 19. Qxc2 Bf8 20. Bg5 Qc8 21. Rad1
Be7 22. a4 Nf8 23. h4 h6 24. Bxh6 Kh7 25. Bg5 Bxg5 26. Nxg5+ Kg7 27. b3 Nh7 28.
Nxh7 Kxh7 29. h5 g5 30. Ng6 Nd5 31. g4 Nf4 32. Nxf4 gxf4 33. gxf5 Rg8+ 34. Kh2
exf5 35. e6 Rg5 36. Rd7+ Kh6 37. Red1 Rxh5+ 38. Kg1 Qg8+ 39. Kf1 Rh1+ 40. Ke2
Qxe6+ 41. Kf3 Rxd1 42. Qxd1 Qe4# 0-1

[Event "Tournoi Skype 028B"]
[Site "Skype"]
[Date "????.??.??"]
[Round "4.24"]
[White "Vervoort, Jean-Louis"]
[Black "Jimenez, Eduardo"]
[Result "0-1"]
[WhiteElo "1273"]
[BlackElo "1000"]
[PlyCount "68"]

1. d4 g6 2. e4 d6 3. d5 Nf6 4. Nc3 Bg7 5. Bg5 O-O 6. Bxf6 Bxf6 7. Qd2 c5 8. Nf3
Bg4 9. O-O-O Bxf3 10. gxf3 Qa5 11. Kb1 Bxc3 12. Qxc3 Qxc3 13. bxc3 f5 14. Bd3
fxe4 15. fxe4 Rxf2 16. Rdf1 Rxf1+ 17. Bxf1 Nd7 18. Bc4 Rf8 19. Rg1 Nf6 20. e5
dxe5 21. d6+ Kg7 22. Rd1 exd6 23. Rxd6 Kh6 24. Re6 e4 25. Re7 b5 26. Be2 Nd5
27. Rxa7 Nxc3+ 28. Kb2 Nxe2 29. Ra5 Nd4 30. c3 e3 31. cxd4 e2 32. dxc5 e1=Q 33.
Rxb5 Qe2+ 34. Ka3 Qxb5 0-1

[Event "Tournoi Skype 028B"]
[Site "Skype"]
[Date "????.??.??"]
[Round "4.26"]
[White "Mendoza Lainez, Ricardo Jose"]
[Black "Moumtaz, Abderrahim"]
[Result "1-0"]
[WhiteElo "1137"]
[BlackElo "1226"]
[PlyCount "27"]

1. e4 e5 2. Nc3 Nf6 3. Bc4 Bc5 4. Nf3 Nxe4 5. Bxf7+ Kxf7 6. Nxe5+ Ke8 7. Nxe4
Qe7 8. d4 d6 9. Bg5 Qe6 10. Qh5+ g6 11. Qh6 dxe5 12. dxc5 Nc6 13. Rd1 Qg4 14.
Nf6+ 1-0

[Event "Tournoi Skype 028B"]
[Site "Skype"]
[Date "????.??.??"]
[Round "4.27"]
[White "Thavorath, Nirandas"]
[Black "Llabres, Sergio"]
[Result "1-0"]
[WhiteElo "1226"]
[BlackElo "1000"]
[PlyCount "55"]

1. e4 e6 2. d4 d5 3. Nc3 a6 4. exd5 exd5 5. Bd3 Nf6 6. Qe2+ Be6 7. Nf3 Be7 8.
Bf4 c6 9. h3 h6 10. Nh4 Nh7 11. Nf5 Bxf5 12. Bxf5 Nf6 13. O-O-O Nbd7 14. Rde1
O-O 15. Qxe7 Re8 16. Qd6 Rc8 17. g4 c5 18. Nxd5 Rc6 19. Ne7+ Rxe7 20. Qxe7 Rc8
21. dxc5 g6 22. Bxd7 Nxd7 23. Bxh6 Nxc5 24. Kb1 Ne6 25. Rxe6 Qxe7 26. Rxe7 Kh7
27. g5 Kg8 28. Rhe1 1-0

[Event "Tournoi Skype 028B"]
[Site "Skype"]
[Date "????.??.??"]
[Round "4.28"]
[White "Guillaume, Mickael"]
[Black "Rosenkoetter, David"]
[Result "0-1"]
[WhiteElo "1106"]
[BlackElo "1216"]
[PlyCount "66"]

1. e4 c5 2. Nf3 d6 3. Bb5+ Bd7 4. Nc3 a6 5. Bxd7+ Qxd7 6. O-O Nf6 7. d4 cxd4 8.
Qxd4 Nc6 9. Qd3 e6 10. Bf4 Be7 11. e5 dxe5 12. Qxd7+ Nxd7 13. Bg3 Bf6 14. Bh4
Bxh4 15. Nxh4 Nd4 16. Rac1 g5 17. Nf3 Nxf3+ 18. gxf3 h5 19. Kh1 Ke7 20. Rg1
Rag8 21. Ne4 g4 22. fxg4 hxg4 23. Rg3 f5 24. Nd2 Nf6 25. f3 f4 26. Rg2 g3 27.
Nf1 Nd5 28. Kg1 Ne3 29. hxg3 Nxg2 30. Kxg2 fxg3 31. Nxg3 Kf6 32. Re1 Rh5 33.
Rg1 Rhg5 0-1

[Event "Tournoi Skype 028B"]
[Site "Skype"]
[Date "????.??.??"]
[Round "4.29"]
[White "Ibanez, Bittor"]
[Black "Busto, Ricardo"]
[Result "1/2-1/2"]
[WhiteElo "1000"]
[BlackElo "1210"]
[PlyCount "66"]

1. c4 e6 2. g3 c6 3. e4 d5 4. cxd5 cxd5 5. exd5 exd5 6. d4 Bb4+ 7. Bd2 Nc6 8.
Ne2 Nf6 9. a3 Be7 10. Bg2 O-O 11. O-O Be6 12. b4 a6 13. Nbc3 Qd7 14. Na4 Qd6
15. Nc5 Nd8 16. Bf4 Qc6 17. Rc1 Bxc5 18. Rxc5 Qe8 19. Bd6 b6 20. Rc6 Nxc6 21.
Bxf8 Qxf8 22. Nf4 Qe8 23. Re1 Qd7 24. Nxe6 fxe6 25. Bh3 Re8 26. Qd3 b5 27. g4
Nd8 28. Re5 Nf7 29. Re3 Ng5 30. Kg2 Nfe4 31. f3 Nf6 32. f4 Nxh3 33. Rxh3 Ne4
1/2-1/2

[Event "Tournoi Skype 028B"]
[Site "Skype"]
[Date "????.??.??"]
[Round "4.30"]
[White "Felippe E Silva, Glenda"]
[Black "Rodriguez, Omar Alexander"]
[Result "0-1"]
[WhiteElo "1207"]
[BlackElo "1000"]
[PlyCount "78"]

1. d4 Nf6 2. Nf3 e6 3. Bf4 Bd6 4. Bg3 O-O 5. Nbd2 Be7 6. e4 d5 7. Bd3 dxe4 8.
Nxe4 Nxe4 9. Bxe4 f5 10. Bd3 f4 11. Bxf4 Rxf4 12. Qe2 c5 13. c3 cxd4 14. Nxd4
Qd5 15. O-O Nc6 16. Bc4 Qd6 17. Nxe6 Kf7 18. Nxf4+ Ke8 19. Qh5+ g6 20. Qxh7
Qxf4 21. Rfe1 Qxc4 22. Qxg6+ Kd8 23. Rad1+ Kc7 24. Qg3+ Kb6 25. b3 Qg4 26. c4
Qxg3 27. hxg3 Bc5 28. Rd5 Bg4 29. Re4 Rg8 30. Kf1 Nb4 31. a3 Nxd5 32. cxd5 Bxa3
33. Rd4 Bc5 34. Re4 Bf5 35. Rf4 Bd3+ 36. Kg1 Rg5 37. Rf6+ Kc7 38. Kh2 Rxd5 39.
f4 Rh5# 0-1

[Event "Tournoi Skype 028B"]
[Site "Skype"]
[Date "????.??.??"]
[Round "4.32"]
[White "Milanese, Serge"]
[Black "Sosa, Juan Carlos"]
[Result "1-0"]
[WhiteElo "1202"]
[BlackElo "1000"]
[PlyCount "25"]

1. d4 d5 2. Bf4 Bf5 3. e3 Nc6 4. Nf3 f6 5. Bd3 Nh6 6. Bxf5 Nxf5 7. Nh4 g5 8.
Qh5+ Kd7 9. Nxf5 gxf4 10. O-O e6 11. Qf7+ Be7 12. Ng7 Rf8 13. Qxe6# 1-0

[Event "Tournoi Skype 028B"]
[Site "Skype"]
[Date "????.??.??"]
[Round "4.33"]
[White "Abate, Luigi"]
[Black "Suazo, Olvin"]
[Result "0-1"]
[WhiteElo "1189"]
[BlackElo "1000"]
[PlyCount "46"]

1. c4 e5 2. e4 Nc6 3. Nf3 Bc5 4. d4 exd4 5. g3 Nf6 6. e5 Ng4 7. Bg5 Be7 8. Bf4
d6 9. Nxd4 dxe5 10. Nxc6 Qxd1+ 11. Kxd1 exf4 12. Nxe7 Kxe7 13. gxf4 Nxf2+ 14.
Ke2 Nxh1 15. Bg2 Bg4+ 16. Kf1 Rad8 17. Nc3 Rd4 18. Re1+ Kd7 19. Kg1 Nf2 20.
Kxf2 Rxf4+ 21. Kg1 Rxc4 22. Nd5 Re8 23. Rd1 Bxd1 0-1

[Event "Tournoi Skype 028B"]
[Site "Skype"]
[Date "????.??.??"]
[Round "4.34"]
[White "Quispe, Alberto"]
[Black "Munoz Gonzalez, Martin"]
[Result "1-0"]
[WhiteElo "1000"]
[BlackElo "1406"]
[PlyCount "109"]

1. e4 c5 2. Bc4 Nc6 3. Nf3 g6 4. c3 Bg7 5. d4 cxd4 6. cxd4 a6 7. a3 d6 8. h3
Bd7 9. O-O Rc8 10. Nc3 Nxd4 11. Bxf7+ Kxf7 12. Nxd4 Qc7 13. Bf4 e5 14. Nd5 Qd8
15. Qb3 exd4 16. Bxd6 Be6 17. Qxb7+ Qd7 18. Qxd7+ Bxd7 19. e5 Bb5 20. Rfc1 Nh6
21. g4 d3 22. Nc7 Rhd8 23. f4 Kg8 24. Ne6 Re8 25. Nxg7 Kxg7 26. Kf2 Nf7 27. Bb4
Rc2+ 28. Rxc2 dxc2 29. Rc1 Nxe5 30. fxe5 Rxe5 31. Bc3 Kf6 32. Rxc2 Ke6 33. Bxe5
Kxe5 34. Ke3 Kf6 35. h4 Bd7 36. Kf4 h6 37. g5+ hxg5+ 38. hxg5+ Ke6 39. Rd2 Ke7
40. Ke5 Be8 41. b4 Bb5 42. Rd6 Kf7 43. Rf6+ Kg7 44. Kd6 Bd3 45. Ke7 Bc4 46. Rf4
Bg8 47. a4 Bb3 48. b5 axb5 49. axb5 Bd5 50. b6 Kg8 51. Kf6 Kh7 52. Rd4 Bc6 53.
Rd6 Be4 54. Rd7+ Kg8 55. b7 1-0

[Event "Tournoi Skype 028B"]
[Site "Skype"]
[Date "????.??.??"]
[Round "4.35"]
[White "Bucherie, Volcy"]
[Black "Cifuentes, Jorge Mario"]
[Result "1-0"]
[WhiteElo "1336"]
[BlackElo "1000"]
[PlyCount "73"]

1. d4 d5 2. c4 Nf6 3. Nf3 e6 4. a3 Be7 5. b4 Nc6 6. b5 Na5 7. e3 dxc4 8. Bd2 c6
9. bxc6 bxc6 10. Ne5 Ne4 11. Nxc4 Bh4 12. Qf3 Bxf2+ 13. Kd1 f5 14. Nxa5 Qb6 15.
Nc4 Qb5 16. Nd6+ Nxd6 17. Bxb5 Nxb5 18. Qxf2 O-O 19. Qf3 Bb7 20. Bb4 Rf7 21.
Nd2 c5 22. Qe2 Bc6 23. Bxc5 Nc3+ 24. Ke1 Nxe2 25. Kxe2 g5 26. Nf3 Bb5+ 27. Kd2
g4 28. a4 Ba6 29. Ne5 Rf6 30. Nc6 e5 31. dxe5 Rxc6 32. Bd6 Rc4 33. g3 Rd8 34.
h4 f4 35. gxf4 Rf8 36. Bxf8 Kxf8 37. Rhg1 1-0

[Event "Tournoi Skype 028B"]
[Site "Skype"]
[Date "????.??.??"]
[Round "4.36"]
[White "De Nobrega, George"]
[Black "Delgado, Bryan"]
[Result "0-1"]
[WhiteElo "1295"]
[BlackElo "1000"]
[PlyCount "86"]

1. e4 e6 2. d4 d5 3. exd5 exd5 4. Nf3 Be7 5. Nc3 c6 6. Be2 Nf6 7. O-O O-O 8.
Re1 Bf5 9. Be3 Bd6 10. Bd3 Bg4 11. h3 Bxf3 12. Qxf3 Nbd7 13. Bf4 Be7 14. Ne2 g6
15. Nc3 Nh5 16. Bh2 f5 17. Qe2 Bf6 18. Be5 Nxe5 19. dxe5 Bh4 20. e6 Qe7 21. Kh1
Rad8 22. Rad1 Rd6 23. Nb1 Re8 24. Bxf5 Ng7 25. Bg4 Rf8 26. g3 Bf6 27. c3 Ne8
28. Rd3 Nc7 29. Nd2 c5 30. Nf3 c4 31. Rdd1 Na6 32. Nd4 Nc5 33. Nb5 Ra6 34. Rxd5
Rxa2 35. Qxc4 Rxb2 36. Qxc5 Qxc5 37. Rxc5 Rxf2 38. Nxa7 Ra8 39. Ra5 Bxc3 40.
Ra3 Bxe1 41. Ra1 Bc3 42. Ra3 Bd4 43. Kg1 Rf3+ 0-1

[Event "Tournoi Skype 028B"]
[Site "Skype"]
[Date "????.??.??"]
[Round "4.37"]
[White "Conde, Carmen"]
[Black "Funez, Lilian"]
[Result "0-1"]
[WhiteElo "1207"]
[BlackElo "1000"]
[PlyCount "138"]

1. d4 e6 2. Bf4 d5 3. Nd2 c5 4. c4 cxd4 5. Ngf3 dxc4 6. Nxc4 Nc6 7. e3 Bb4+ 8.
Ncd2 dxe3 9. Bxe3 Nf6 10. h3 Nd5 11. Bg5 f6 12. Bh4 Nb6 13. Bb5 a6 14. Be2 Nd4
15. O-O Nxf3+ 16. Bxf3 Qxd2 17. Bh5+ Kf8 18. Qxd2 Bxd2 19. Rad1 g5 20. Bg3 Bf4
21. Rd8+ Kg7 22. Rd3 Nd5 23. a3 b6 24. h4 h6 25. Bf3 Bxg3 26. fxg3 Rd8 27. b4
Bb7 28. Rfd1 Rd6 29. h5 Rg8 30. Re1 Kh8 31. g4 Rgd8 32. Be4 Bc6 33. Rd4 Nf4 34.
Rxd6 Rxd6 35. g3 Bxe4 36. Rxe4 Nd3 37. Rc4 Ne5 38. Rc8+ Kg7 39. Rc7+ Rd7 40.
Rc8 Rd3 41. Rb8 Rxg3+ 42. Kf2 Rxa3 43. Rxb6 Nxg4+ 44. Ke2 Re3+ 45. Kd2 e5 46.
Rb7+ Kf8 47. Rb8+ Ke7 48. Rb7+ Kd8 49. Rb6 Ra3 50. Kc2 Kc7 51. Re6 Kb7 52. Kb2
Rh3 53. Re7+ Kb6 54. Re6+ Kb5 55. Rd6 Rxh5 56. Kb3 Rh3+ 57. Kb2 Kxb4 58. Rxa6
e4 59. Rb6+ Kc5 60. Re6 f5 61. Kc2 e3 62. Kd1 f4 63. Ke2 Kc4 64. Re4+ Kc3 65.
Kf1 h5 66. Kg2 Rg3+ 67. Kf1 Kd3 68. Re6 Nh2+ 69. Ke1 Rg1# 0-1

[Event "Tournoi Skype 028B"]
[Site "Skype"]
[Date "????.??.??"]
[Round "4.38"]
[White "Alarcon Alarcon, Marina"]
[Black "Crocioni, Luca"]
[Result "1-0"]
[WhiteElo "1198"]
[BlackElo "1000"]
[PlyCount "137"]

1. e4 e5 2. Nf3 Nc6 3. Bb5 Nd4 4. Ba4 Qe7 5. c3 Nxf3+ 6. Qxf3 c6 7. d3 h6 8.
Nd2 Nf6 9. h3 d6 10. b4 Be6 11. Bb3 d5 12. O-O d4 13. Bxe6 Qxe6 14. cxd4 Bxb4
15. Nb3 O-O 16. dxe5 Qxe5 17. Rb1 Qe7 18. Bb2 Nh7 19. Nd4 Ng5 20. Qg4 Ba3 21.
Nf5 Qc5 22. h4 Bxb2 23. Rxb2 f6 24. hxg5 fxg5 25. Rxb7 Rf7 26. Rxf7 Kxf7 27.
Qf3 Kg8 28. Qe3 Qa3 29. Qd4 Qf8 30. Qc4+ Kh7 31. Qxc6 Rd8 32. d4 Re8 33. Qb7
Ra8 34. d5 g4 35. d6 Rb8 36. Qxa7 Ra8 37. Qe7 Qg8 38. d7 Qf8 39. Qxf8 Rxf8 40.
Rd1 Rd8 41. a4 Kg6 42. a5 Kf6 43. a6 Ke5 44. a7 Kxe4 45. Nxg7 Ke5 46. a8=Q Rxa8
47. d8=Q Rxd8 48. Rxd8 Ke4 49. Kf1 h5 50. Nxh5 Kf5 51. g3 Kg6 52. Nf4+ Kf5 53.
Ke2 Ke4 54. Rd7 Kf5 55. Ke3 Ke5 56. Rd5+ Kf6 57. Ke4 Ke7 58. Ke5 Ke8 59. Ke6
Kf8 60. Rd7 Ke8 61. Ra7 Kf8 62. Kf6 Ke8 63. Ng6 Kd8 64. Ke6 Kc8 65. Kd6 Kb8 66.
Rc7 Ka8 67. Kc6 Kb8 68. Kb6 Ka8 69. Rc8# 1-0

[Event "Tournoi Skype 028B"]
[Site "Skype"]
[Date "????.??.??"]
[Round "4.39"]
[White "Parrales, Rodolfo"]
[Black "Reese, Evan"]
[Result "1-0"]
[WhiteElo "1000"]
[BlackElo "1178"]
[PlyCount "73"]

1. e4 e5 2. Nf3 d6 3. d4 Nc6 4. dxe5 dxe5 5. Qxd8+ Kxd8 6. Ng5 Be6 7. Nc3 Nd4
8. Bd3 Nf6 9. Be3 Kd7 10. O-O-O Rd8 11. f4 Ng4 12. Nxe6 fxe6 13. Rhe1 Kc8 14.
fxe5 Nxe5 15. Bxd4 Rxd4 16. Be2 Bc5 17. Rxd4 Bxd4 18. Nb5 Kb8 19. Nxd4 Re8 20.
Rd1 g6 21. Nxe6 Nc6 22. Ng5 h6 23. Nf7 Kc8 24. Bg4+ Kb8 25. Nxh6 Rxe4 26. Bf3
Re8 27. Bxc6 bxc6 28. Ng4 Kb7 29. Nf6 Re2 30. Rg1 Kb6 31. h4 a5 32. g4 c5 33.
h5 Re6 34. Rf1 gxh5 35. gxh5 Kb5 36. h6 Re7 37. h7 1-0

[Event "Tournoi Skype 028B"]
[Site "Skype"]
[Date "????.??.??"]
[Round "4.40"]
[White "Vaquero, Roberto"]
[Black "Codina, Teresa"]
[Result "1/2-1/2"]
[WhiteElo "1000"]
[BlackElo "1310"]
[PlyCount "134"]

1. e4 c5 2. Nf3 d6 3. g3 Nc6 4. Bg2 Nf6 5. d3 e6 6. Bg5 Be7 7. Bxf6 Bxf6 8. c3
O-O 9. O-O Qb6 10. Qc2 Bd7 11. Nbd2 Qd8 12. Rfe1 e5 13. Nc4 Be6 14. Ne3 Qd7 15.
h4 h6 16. Nh2 Rfd8 17. Re2 a6 18. Rf1 Bh3 19. f4 Bxg2 20. Nxg2 Re8 21. Ref2 d5
22. fxe5 Nxe5 23. Nf4 Ng4 24. Nxg4 Qxg4 25. Kg2 Bxh4 26. Rf3 dxe4 27. dxe4 Rad8
28. Qf2 b6 29. Kh2 Bg5 30. Ne2 Qh5+ 31. Kg2 Rd7 32. Nf4 Qg4 33. Re1 Re5 34. b3
b5 35. c4 bxc4 36. bxc4 h5 37. Kf1 h4 38. a4 hxg3 39. Qxg3 Qxg3 40. Rxg3 Bxf4
41. Rb3 Rd4 42. Kg2 Rdxe4 43. Rh1 Re2+ 44. Kf3 Bh6 45. Rb6 R5e4 46. Rxa6 R2e3+
47. Kf2 Rxc4 48. Ra8+ Kh7 49. Rxh6+ gxh6 50. Kxe3 f5 51. a5 Ra4 52. a6 h5 53.
a7 h4 54. Rc8 Rxa7 55. Rxc5 Kg6 56. Kf3 h3 57. Kg3 Ra3+ 58. Kh2 f4 59. Rc2 Kf5
60. Rf2 Kg4 61. Rf1 Rg3 62. Kh1 f3 63. Kh2 Rg2+ 64. Kh1 Kg3 65. Rxf3+ Kg4 66.
Ra3 Re2 67. Rb3 Re1+ 1/2-1/2

[Event "Tournoi Skype 028B"]
[Site "Skype"]
[Date "????.??.??"]
[Round "4.41"]
[White "Luna Perez Vico, Lorenzo"]
[Black "Latterra, Jeremias"]
[Result "1-0"]
[WhiteElo "1458"]
[BlackElo "1065"]
[PlyCount "43"]

1. e4 e5 2. Nf3 Nc6 3. Bc4 d5 4. exd5 Nd4 5. c3 Nxf3+ 6. Qxf3 Nf6 7. d3 Bf5 8.
Qxf5 Be7 9. Qxe5 O-O 10. O-O Qd6 11. Qxd6 Bxd6 12. h3 Rfe8 13. Be3 Rad8 14. Nd2
b6 15. Nf3 Bc5 16. Bxc5 bxc5 17. Rfe1 Kf8 18. Rxe8+ Rxe8 19. Kf1 Rd8 20. Rd1
Nxd5 21. Bxd5 Rxd5 22. d4 1-0